Normal view
MARC view
Entry Término temático
001 - NÚMERO DE CONTROL
- campo de control: 152056
003 - IDENTIFICADOR DEL NÚMERO DE CONTROL
- campo de control: OSt
005 - FECHA Y HORA DE LA ÚLTIMA TRANSACCIÓN
- campo de control: 20220127160330.0
008 - DATOS DE LONGITUD FIJA
- campo de control de longitud fija: 220127|| aca||aabn | a|a d
040 ## - FUENTE DE LA CATALOGACIÓN
- Centro catalogador/agencia de origen: OSt
- Centro/agencia transcriptor: OSt
150 ## - ENCABEZAMIENTO--TÉRMINO DE MATERIA
- Término de materia o nombre geográfico como elemento de entrada: Agricultural industry
- Subdivisión general: Economical aspects
- Subdivisión general: Brazil
670 ## - FUENTE DE DATOS ENCONTRADOS
- Cita de la fuente: Work cat.: (OSt)172549: Curso Nacional de Elaboração e Avaliação de Projetos (2° : 1972 mar. 20-jun. 24 : Belém, Pará, Brasil) 152055, Projeto Palmitos do Açai LTDA /, 1972
